000 00663nam a2200253Ia 4500
003 OSt
005 20221006142835.0
006 a|||||r|||| 00| 0
007 ta
008 221006b |||||||| |||| 00| 0 eng d
020 _c
_9.50
024 _a7,327
037 _cTextual
040 _aEASL
_cEASL
_beng
041 _2eng
_aeng
082 _aV420bX:9.N62, K6
100 _aAYUSAWA Iwao F
_9344382
245 0 _aHistory of labor in modern Japan
260 _aHonolulu
_bEast West Center Press
_c1966
300 _a406p.
_ccm.
490 _v RS
942 _hV420bX:9.N62, K6
_cTEXL
_2CC
999 _c1075413
_d1075413